Lãnh đạo nhóm : Giải pháp chuyên nghiệp cho các thách thức thường nhật = Leading teams

Tìm hiểu các phẩm chất và kĩ năng của nhà lãnh đạo. Hướng dẫn cách thức nâng cao khả năng lãnh đạo; Xác định vai trò và trách nhiệm của người lãnh đạo nhóm; tìm hiểu các giai đoạn phát triển của nhóm làm việc thông qua hệ thống các bài ta...

Volledige beschrijving

Bewaard in:
Bibliografische gegevens
Formaat: Boek
Taal:Undetermined
Gepubliceerd in: Hà Nội Tri Thức 2009
Onderwerpen:
Tags: Voeg label toe
Geen labels, Wees de eerste die dit record labelt!
Thư viện lưu trữ: Trung tâm Học liệu Trường Đại học Cần Thơ
LEADER 01081nam a2200205Ia 4500
001 CTU_165816
008 210402s9999 xx 000 0 und d
020 |c 31500 
082 |a 658.4022 
082 |b L596 
245 0 |a Lãnh đạo nhóm : 
245 0 |b Giải pháp chuyên nghiệp cho các thách thức thường nhật = Leading teams 
245 0 |c Harvard Business School Press ; Người dịch Nguyễn Thu Hà 
260 |a Hà Nội 
260 |b Tri Thức 
260 |c 2009 
520 |a Tìm hiểu các phẩm chất và kĩ năng của nhà lãnh đạo. Hướng dẫn cách thức nâng cao khả năng lãnh đạo; Xác định vai trò và trách nhiệm của người lãnh đạo nhóm; tìm hiểu các giai đoạn phát triển của nhóm làm việc thông qua hệ thống các bài tập 
650 |a Leadership,Teams in the workplace,Nhóm làm việc,Lãnh đạo 
904 |i Trọng Hiếu 
980 |a Trung tâm Học liệu Trường Đại học Cần Thơ